Sales management / (Record no. 4393)
[ view plain ]
| 000 -LEADER | |
|---|---|
| fixed length control field | 00714nam a2200217 ar4500 |
| 001 - CONTROL NUMBER | |
| control field | 4395 |
| 005 - DATE AND TIME OF LATEST TRANSACTION | |
| control field | 20221127090937.0 |
| 008 - FIXED-LENGTH DATA ELEMENTS--GENERAL INFORMATION | |
| fixed length control field | 151220s xxua 00110 eng d |
| 020 ## - INTERNATIONAL STANDARD BOOK NUMBER | |
| International Standard Book Number | 0750633611(pbk) : |
| Terms of availability | SR220.00 |
| 082 04 - DEWEY DECIMAL CLASSIFICATION NUMBER | |
| Classification number | 658.81 |
| Item number | N737 2012 |
| 100 1# - MAIN ENTRY--PERSONAL NAME | |
| Personal name | Noonan, Chris J. |
| 245 10 - TITLE STATEMENT | |
| Title | Sales management / |
| Statement of responsibility, etc. | Chris Noonan. |
| 260 ## - PUBLICATION, DISTRIBUTION, ETC. | |
| Place of publication, distribution, etc. | London ; |
| -- | New York : |
| Name of publisher, distributor, etc. | Routledge, |
| Date of publication, distribution, etc. | 2012. |
| 300 ## - PHYSICAL DESCRIPTION | |
| Extent | xv, 433 p. : |
| Other physical details | ill. ; |
| Dimensions | 25 cm. |
| 500 ## - GENERAL NOTE | |
| General note | Originally published by: Oxford : Butterworth-Heinemann, 1998. |
| 500 ## - GENERAL NOTE | |
| General note | On front cover: Chartered Institute of Marketing. |
| 500 ## - GENERAL NOTE | |
| General note | Includes index. |
| 650 #4 - SUBJECT ADDED ENTRY--TOPICAL TERM | |
| Topical term or geographic name entry element | Sales management. |
| 650 #4 - SUBJECT ADDED ENTRY--TOPICAL TERM | |
| Topical term or geographic name entry element | Marketing |
| General subdivision | Management. |
| 710 2# - ADDED ENTRY--CORPORATE NAME | |
| Corporate name or jurisdiction name as entry element | Chartered Institute of Marketing. |
| Withdrawn status | Lost status | Source of classification or shelving scheme | Damaged status | Not for loan | Home library | Current library | Date acquired | Total Checkouts | Full call number | Barcode | Date last seen | Copy number | Price effective from | Koha item type |
|---|---|---|---|---|---|---|---|---|---|---|---|---|---|---|
| 11/27/2022 | 658.81 N737 2012 | 1000000017101 | 11/27/2022 | C4 | 11/27/2022 | Book | ||||||||
| 11/27/2022 | 658.81 N737 2012 | 1000000017102 | 11/27/2022 | C5 | 11/27/2022 | Book | ||||||||
| CENTRAL | CENTRAL | 11/27/2022 | 658.81 N737 2012 | 1000000014106 | 11/27/2022 | C1 | 11/27/2022 | Book | ||||||
| CENTRAL | CENTRAL | 11/27/2022 | 658.81 N737 2012 | 1000000014107 | 11/27/2022 | C2 | 11/27/2022 | Book | ||||||
| KHOBAR | KHOBAR | 11/27/2022 | 658.81 N737 2012 | 1000000014108 | 11/27/2022 | C3 | 11/27/2022 | Book |
